000 00833nam a2200253Ia 4500
003 OSt
005 20221005084839.0
006 a|||||r|||| 00| 0
007 ta
008 221004b |||||||| |||| 00| 0 eng d
020 _a052143534X (pbk)
_c1583.71
024 _a102107
037 _b09-11065-C, 22/02/2010, Atlantic Publisher & Dist. Pvt Ltd.
_cTextual
040 _aCRL
_cCRL
_beng
041 _2eng
_aeng
082 _aO111,6K61:g, N6
100 _aPeltonen Markku Ed.
_92646
245 0 _aCambridge companion to Bacon
260 _aNew York
_bCambridge University Press U.S.A
_c1996
300 _axv, 372p.
_ccm.
650 _aENGLISH LITERATURE
942 _hO111,6K61:g, N6
_cTEXL
_2cc
999 _c993215
_d993215